000 00424nam a2200157Ia 4500
008 231217s9999 xx 000 0 und d
041 _aEnglish
082 _a001.6424MAT ETT
100 _aEtter, Delores M. Kuncicky, David C. Hull, Doug.
245 0 _aIntroduction to matlab 6
250 _a2nd ed.
260 _c2004
_bPearson Education (Singapore)
_aDELHI
300 _axvi+142
650 _aMatlab,6
942 _cAA
999 _c173583
_d173583